The cdma 2000 System for Mobile Communicstions (Record no. 8367)
[ view plain ]
| 000 -LEADER | |
|---|---|
| fixed length control field | 00500 a2200145 4500 |
| 040 ## - CATALOGING SOURCE | |
| Original cataloging agency | DLC |
| Language of cataloging | DLC |
| 082 ## - DEWEY DECIMAL CLASSIFICATION NUMBER | |
| Classification number | 621.3845 |
| 100 ## - MAIN ENTRY--PERSONAL NAME | |
| Personal name | Vanghi, Vieri. |
| 245 ## - TITLE STATEMENT | |
| Title | The cdma 2000 System for Mobile Communicstions |
| Statement of responsibility, etc. | Vieri. Vanghi |
| 260 ## - PUBLICATION, DISTRIBUTION, ETC. | |
| Place of publication, distribution, etc. | Singapore: |
| Name of publisher, distributor, etc. | Pearson Education,Inc., |
| Date of publication, distribution, etc. | 2005. |
| 300 ## - PHYSICAL DESCRIPTION | |
| Extent | XV, 501p. |
| Other physical details | ill; |
| Dimensions | 24cm |
| 500 ## - GENERAL NOTE | |
| General note | Include Index |
| 650 ## - SUBJECT ADDED ENTRY--TOPICAL TERM | |
| Topical term or geographic name entry element | Code division Multiple access--Standerds.2.Spread spectrum communications.3.Mobile communication Systems. |
| 942 ## - ADDED ENTRY ELEMENTS (KOHA) | |
| Koha item type | Book |
| Call number prefix | 621.3845 VAN |
| Source of classification or shelving scheme | |
| Withdrawn status | Lost status | Damaged status | Not for loan | Collection code | Permanent Location | Current Location | Shelving location | Date acquired | Source of acquisition | Cost, normal purchase price | Total Checkouts | Full call number | Barcode | Date last seen | Price effective from | Koha item type |
|---|---|---|---|---|---|---|---|---|---|---|---|---|---|---|---|---|
| Central Library (CL) | Central Library (CL) | General Stacks | 05/23/2005 | Allied Book Company | 292.50 | 621.3845 VAN | SEECS005786 | 11/14/2012 | 01/05/2017 | Book | ||||||
| Central Library (CL) | Central Library (CL) | General Stacks | 05/23/2005 | Allied Book Company | 292.50 | 621.3845 VAN | SEECS005787 | 11/14/2012 | 01/05/2017 | Book |
